<?xml version="1.0" encoding="UTF-8"?><?xml-stylesheet type="text/xsl" href="static/style.xsl"?><OAI-PMH xmlns="http://www.openarchives.org/OAI/2.0/" xmlns:xsi="http://www.w3.org/2001/XMLSchema-instance" xsi:schemaLocation="http://www.openarchives.org/OAI/2.0/ http://www.openarchives.org/OAI/2.0/OAI-PMH.xsd"><responseDate>2026-04-13T02:21:59Z</responseDate><request verb="GetRecord" identifier="oai:www.recercat.cat:2117/23515" metadataPrefix="marc">https://recercat.cat/oai/request</request><GetRecord><record><header><identifier>oai:recercat.cat:2117/23515</identifier><datestamp>2026-01-30T09:04:19Z</datestamp><setSpec>com_2072_1033</setSpec><setSpec>col_2072_452950</setSpec></header><metadata><record xmlns="http://www.loc.gov/MARC21/slim" xmlns:dcterms="http://purl.org/dc/terms/" xmlns:xsi="http://www.w3.org/2001/XMLSchema-instance" xmlns:doc="http://www.lyncode.com/xoai" xsi:schemaLocation="http://www.loc.gov/MARC21/slim http://www.loc.gov/standards/marcxml/schema/MARC21slim.xsd">
   <leader>00925njm 22002777a 4500</leader>
   <datafield ind2=" " ind1=" " tag="042">
      <subfield code="a">dc</subfield>
   </datafield>
   <datafield ind2=" " ind1=" " tag="720">
      <subfield code="a">Botella Nieto, Ramón</subfield>
      <subfield code="e">author</subfield>
   </datafield>
   <datafield ind2=" " ind1=" " tag="720">
      <subfield code="a">Pérez Jiménez, Félix Edmundo</subfield>
      <subfield code="e">author</subfield>
   </datafield>
   <datafield ind2=" " ind1=" " tag="720">
      <subfield code="a">Martínez Reguero, Adriana Haydée</subfield>
      <subfield code="e">author</subfield>
   </datafield>
   <datafield ind2=" " ind1=" " tag="720">
      <subfield code="a">Miró Recasens, José Rodrigo</subfield>
      <subfield code="e">author</subfield>
   </datafield>
   <datafield ind2=" " ind1=" " tag="720">
      <subfield code="a">Amorós Parras, José</subfield>
      <subfield code="e">author</subfield>
   </datafield>
   <datafield ind2=" " ind1=" " tag="260">
      <subfield code="c">2014</subfield>
   </datafield>
   <datafield ind2=" " ind1=" " tag="520">
      <subfield code="a">La caracterización a fatiga de las mezclas bituminosas es un tema de vital importancia en la ingeniería de pavimentos. Aun así, las técnicas existentes que cumplen esta función son caras y costosas. Por ello, los técnicos han estado estudiando diferentes métodos para reducir el tiempo de ensayo necesario. Una de las vías empeladas ha sido a través de los modelos visco-elásticos de daño continuo. En esta temática, esta comunicación presenta el trabajo realizado por el Laboratorio de Caminos de la UPC-BarcelonaTech para reducir el tiempo de ensayo necesario para caracterizar el comportamiento a fatiga de las mezclas bituminosas, desarrollando un ensayo de barrido de deformaciones y aproximando la ley de fatiga del material a partir de los datos obtenidos en este tipo de ensayos. El ensayo EBADE se ha aplicado a 4 mezclas para las cuales se obtuvo previamente su ley de fatiga utilizando ensayos de barrido de tiempo. Los datos recogidos se usaron para ajustar un modelo de fatiga basado en 2 valores de deformación que se pueden obtener directamente de los ensayos EBADE, la deformación de fallo y la deformación de No-Daño. Se halló un buena correlación entre el modelo propuesto y los datos experimentales.</subfield>
   </datafield>
   <datafield ind2=" " ind1=" " tag="520">
      <subfield code="a">Postprint (published version)</subfield>
   </datafield>
   <datafield tag="653" ind2=" " ind1=" ">
      <subfield code="a">Àrees temàtiques de la UPC::Enginyeria civil::Materials i estructures</subfield>
   </datafield>
   <datafield tag="653" ind2=" " ind1=" ">
      <subfield code="a">Àrees temàtiques de la UPC::Enginyeria civil::Infraestructures i modelització dels transports::Transport per carretera</subfield>
   </datafield>
   <datafield tag="653" ind2=" " ind1=" ">
      <subfield code="a">Bituminous materials--Fatigue</subfield>
   </datafield>
   <datafield tag="653" ind2=" " ind1=" ">
      <subfield code="a">Fatiga</subfield>
   </datafield>
   <datafield tag="653" ind2=" " ind1=" ">
      <subfield code="a">barrido de deformaciones</subfield>
   </datafield>
   <datafield tag="653" ind2=" " ind1=" ">
      <subfield code="a">mezcla bituminosa</subfield>
   </datafield>
   <datafield tag="653" ind2=" " ind1=" ">
      <subfield code="a">asfalto</subfield>
   </datafield>
   <datafield tag="653" ind2=" " ind1=" ">
      <subfield code="a">EBADE</subfield>
   </datafield>
   <datafield tag="653" ind2=" " ind1=" ">
      <subfield code="a">Materials bituminosos -- Fatiga</subfield>
   </datafield>
   <datafield ind2="0" ind1="0" tag="245">
      <subfield code="a">Método de estimación de las leyes de fatiga de las mezclas bituminosas mediante el ensayo EBADE</subfield>
   </datafield>
</record></metadata></record></GetRecord></OAI-PMH>